Elements of cartography
Saved in:
| Main Author: | |
|---|---|
| Format: | Book |
| Language: | English |
| Published: |
New York :
John Wiley and Sons,
1995.
|
| Edition: | 6η εκδ. |
| Subjects: | |
| Tags: |
Add Tag
No Tags, Be the first to tag this record!
|
MARC
| LEADER | 00000cam a2200000 i 4500 | ||
|---|---|---|---|
| 001 | 1/4809 | ||
| 008 | 960627s1995 nyu| ||| |||| ||eng|| | ||
| 020 | |a 0471017817 | ||
| 035 | |l 10015775 | ||
| 040 | |a GR-MyUA |b gre |e AACR2 | ||
| 041 | 0 | |a eng | |
| 082 | 0 | |a 526 | |
| 100 | 1 | |a Robinson, Arthur Howard, |d 1915-2004. | |
| 245 | 1 | 0 | |a Elements of cartography / |c Arthur H. Robinson...[κ. α.]. |
| 250 | |a 6η εκδ. | ||
| 260 | |a New York : |b John Wiley and Sons, |c 1995. | ||
| 300 | |a 674 σ. : |b εικ., πιν. ; | ||
| 504 | |a Περιέχει ευρετήριο. | ||
| 650 | 0 | 0 | |a Cartography. |
| 767 | 0 | 8 | |i Μεταφρασμένο ως: |t Στοιχεία χαρτογραφίας / |
| 852 | |a INST |b LESVOS |e 19960627 |h 526 ROB |p 005100009769 |q 005100009769 |t BK |y 0 | ||
| 909 | |a Λ |b 044719 | ||
| 950 | |a 001/1995-10-24 | ||